[Event "Pardubice Czech op-B 29th"]
[Site "Pardubice"]
[Date "2018.07.24"]
[Round "5"]
[White "Vinokur, Leonid"]
[Black "Lucovnik, Tilen"]
[Result "1/2-1/2"]
[WhiteElo "1684"]
[BlackElo "2077"]
[PlyCount "52"]
[EventDate "2018.07.20"]
[EventType "swiss"]
[EventRounds "9"]
[EventCountry "CZE"]
[SourceTitle "CBM 186 Extra"]
[Source "ChessBase"]
[SourceDate "2018.08.24"]
[SourceVersion "1"]
[SourceVersionDate "2018.08.24"]
[SourceQuality "1"]

1. d4 d5 2. Nf3 Nf6 3. g3 Bf5 4. Bg2 c6 5. 0-0 Nbd7 6. b3 e6 7. Nh4 Bg6 8. c4 Be7 9. Nxg6 hxg6 10. Bb2 0-0 11. Nd2 Rc8 12. e4 Nxe4 13. Nxe4 dxe4 14. Bxe4 Nf6 15. Bg2 Qa5 16. Re1 Ba3 17. Bxa3 Qxa3 18. Qc2 Rfd8 19. Rad1 Rc7 20. Re2 Rcd7 21. Red2 Qa5 22. Rd3 Qf5 23. Qd2 c5 24. d5 b6 25. h3 exd5 26. cxd5 Rd6 1/2-1/2